| 000 | 00882nam a22002537a 4500 | ||
|---|---|---|---|
| 005 | 20121204113933.0 | ||
| 008 | 121204t xxu||||| |||| 00| 0 eng d | ||
| 010 | _aENG-106333 | ||
| 020 |
_a9781259027246 _c650.00 |
||
| 020 |
_a1259027244 _c650.00 |
||
| 035 | _aEN-89866 | ||
| 037 | _bDBAD / PUB | ||
| 040 |
_aDPL _bEng |
||
| 082 | _a621 | ||
| 100 | 1 |
_aSlariya, Vikas _935919 |
|
| 245 | 1 | 0 |
_aMechanical engineering for GATE 2013 : _cby Vikas Slariya _bgraduate aptitutde test in enginering / |
| 260 |
_aNew Delhi _bTata McGraw-Hill _c2012 |
||
| 270 |
_a7 West Patel Nagar _bNew Delhi _e110008 |
||
| 300 |
_avarious pagings : _c28cm(pbk) |
||
| 490 |
_aTata McGraw Hill's winning edge series _91235 |
||
| 700 | _935920 | ||
| 942 |
_adpl _cEN _2ddc _h621 _mSLA |
||
| 999 |
_c71814 _d71814 |
||